LEADER 00900nam a2200229 4500 001 000000355798 003 CaOOAMICUS 005 20250417115901.0 008 231018s1998 fr 000 u fre r 020 $a2-7186-0502-2 040 $aSeMil$bita 245 10$a[Vol. 1] /$cJacques Derrida. 264 1$aParis :$bGalilée,$c1998. 300 $a417 p. ;$c24 cm 773 0 $aDerrida, Jacques <1930-2004>$tPsyché.$dParis : Galilée, 1998-2003.$bNouvelle édition revue et augmentée$kPhilosophie en effet$g1$w()355795 850 $aSeMil 852 $aSeMil$W1$xVenegono$y1$m2P V 73$j244532$B247017$CSeMilBibl$Z2$F247017 $81 961 $aConti don Gildo - Omaggio 996 $6020$a2-7186-0502-2$9(OLS)http://semarc/number/299127 996 $6245$a[Vol. 1]$9(OLS)http://semarc/title/95883 996 $6264$aParis :$bGalilée$9(OLS)http://semarc/publisher/61336 LEADER 01227nam a2200277 4500 001 000000339858 003 CaOOAMICUS 005 20250923120334.0 008 200317s2010 it 000 u ita r 020 $a978-88-420-9380-0 040 $aSeMil$bita 100 1 $aAddante, Luca.$0(OLS)http://semarc/name/111164 245 10$aEretici e libertini nel cinquecento italiano /$cLuca Addante. 264 1$aRoma ;$aBari :$bGLF editori Laterza,$c2010. 300 $aXIII, 225 p. ;$c21 cm 650 4$aLibertini - Italia - Sec. 16.-17.$0(OLS)http://semarc/subject/14525 650 4$aEretici italiani.$0(OLS)http://semarc/subject/44580 650 4$aItalia - Storia - Sec. 15.-16.$0(OLS)http://semarc/subject/13262 830 0$aQuadrante ;$v162.$0(OLS)http://semarc/title/18743 850 $aSeMil 852 $aSeMil$W1$xVenegono$y1$m3U V 509$j221256$B231039$CSeMilBibl$Z2$F231039 $81 961 $aPerego don Stefano - Omaggio 996 $6020$a978-88-420-9380-0$9(OLS)http://semarc/number/290176 996 $6245$aEretici e libertini nel cinquecento italiano$9(OLS)http://semarc/title/428783 996 $6264$aRoma ;$aBari :$bGLF editori Laterza$9(OLS)http://semarc/publisher/37788